[Event "Weekend Inverno"]
[Site "Roma ITA"]
[Date "2009.02.07"]
[Round "3"]
[White "Quimi, Marco"]
[Black "Prudenzano, Ruggero"]
[Result "1-0"]
[WhiteElo "2245"]
[BlackElo "1923"]
[PlyCount "112"]
[EventDate "2009.02.06"]

1. e4 c5 2. Nf3 Nf6 3. Nc3 d5 4. exd5 Nxd5 5. Bc4 e6 6. O-O Nc6 7. Re1 Be7 8.
d4 cxd4 9. Nxd4 Nxc3 10. bxc3 O-O 11. Nxc6 bxc6 12. Qf3 Qc7 13. Bf4 Bd6 14.
Bxd6 Qxd6 15. Rad1 Qc7 16. Re3 Bb7 17. Qg4 Rad8 18. Rb1 c5 19. Rg3 g6 20. h4
Bd5 21. Bd3 f5 22. Qg5 Rd7 23. c4 Bc6 24. f4 Be4 25. Re1 Qa5 26. Rge3 Rdf7 27.
h5 Rf6 28. Bxe4 fxe4 29. Rxe4 Qd2 30. Qxc5 Rxf4 31. R4e2 Qd4+ 32. Qxd4 Rxd4 33.
Rxe6 Rxc4 34. hxg6 Rxc2 35. gxh7+ Kxh7 36. Re7+ Kg6 37. R1e6+ Kg5 38. Rg7+ Kf5
39. Ra6 Kf4 40. Ra4+ Ke5 41. Raxa7 Rf6 42. a4 Rc1+ 43. Kh2 Rh6+ 44. Kg3 Rc3+
45. Kg4 Ra3 46. Kg5 Rh2 47. g4 Rha2 48. Rae7+ Kd4 49. Rgf7 Rxa4 50. Rf4+ Kd5
51. Rd7+ Ke6 52. Rxa4 Rxa4 53. Rd1 Ra2 54. Kg6 Rg2 55. g5 Ke7 56. Rf1 Ke6 1-0

[Event "Weekend Inverno"]
[Site "Roma ITA"]
[Date "2009.02.07"]
[Round "3"]
[White "Ruotolo, Claudio"]
[Black "Padovano, Vito"]
[Result "1-0"]
[WhiteElo "1757"]
[BlackElo "1443"]
[PlyCount "66"]
[EventDate "2009.02.06"]

1. d4 d5 2. g3 Nf6 3. Bg2 Nc6 4. Nf3 Bf5 5. c3 e6 6. Qa4 Bd6 7. Bg5 Qd7 8. Bxf6
gxf6 9. Na3 Bxa3 10. Qxa3 O-O-O 11. b4 Qd6 12. Qa4 Kb8 13. O-O e5 14. b5 Ne7
15. dxe5 fxe5 16. Rfd1 e4 17. Nd4 Qh6 18. e3 Bh3 19. Rab1 Nf5 20. Nc6+ Kc8 21.
Nxa7+ Kd7 22. b6+ c6 23. Rxd5+ Nd6 24. Rxd6+ Qxd6 25. Rd1 Qxd1+ 26. Qxd1+ Ke7
27. Qc2 Bf5 28. Bxe4 Bxe4 29. Qxe4+ Kf8 30. Qe5 Rd1+ 31. Kg2 Kg8 32. Nxc6 bxc6
33. b7 Rb1 1-0

[Event "Weekend Inverno"]
[Site "Roma ITA"]
[Date "2009.02.07"]
[Round "3"]
[White "Schmid, Ermanno"]
[Black "Carotenuto, Piero"]
[Result "0-1"]
[WhiteElo "1413"]
[BlackElo "1724"]
[PlyCount "55"]
[EventDate "2009.02.06"]

1. d4 d5 2. Nf3 Nf6 3. e3 e6 4. Bd3 c5 5. c3 Nc6 6. O-O Bd6 7. dxc5 Bxc5 8.
Nbd2 O-O 9. e4 Qc7 10. exd5 Nxd5 11. Ne4 Be7 12. Qc2 Nf4 13. Bxf4 Qxf4 14. g3
Qxf3 15. Be2 Qf5 16. f4 Bd7 17. Bd3 Qh3 18. Nf2 Bc5 19. Kh1 Bxf2 20. Rxf2 Rac8
21. Be4 Rfd8 22. Rg1 Na5 23. Rf3 Bc6 24. g4 Bxe4 25. Qxe4 Qh6 26. Qe5 Nc4 27.
Qe2 Rd2 28. Qe4 0-1

[Event "Weekend Inverno"]
[Site "Roma ITA"]
[Date "2009.02.07"]
[Round "3"]
[White "Spano' Cuomo, Gaetano"]
[Black "Giovanzanti, Francesco"]
[Result "1-0"]
[WhiteElo "1840"]
[BlackElo "1596"]
[PlyCount "85"]
[EventDate "2009.02.06"]

1. c4 e5 2. d3 Nc6 3. e4 Nf6 4. Nc3 Bc5 5. Be2 Nd4 6. Nf3 Nxe2 7. Qxe2 d6 8.
Bd2 h6 9. Na4 Bb6 10. Nxb6 axb6 11. O-O O-O 12. Ne1 Be6 13. Nc2 Qd7 14. f3 b5
15. Nb4 bxc4 16. dxc4 c6 17. Be3 d5 18. cxd5 cxd5 19. exd5 Nxd5 20. Rfd1 Ra5
21. Nxd5 Bxd5 22. Bd2 Rb5 23. a4 Rxb2 24. Qxe5 Rb3 25. Bxh6 f6 26. Qxd5+ Qxd5
27. Rxd5 gxh6 28. Rb5 Rxb5 29. axb5 Re8 30. Rc1 Re5 31. Rc8+ Kf7 32. Rc7+ Re7
33. Rc5 Re5 34. Rxe5 fxe5 35. g4 Kg6 36. h4 Kf6 37. Kf2 Ke6 38. Ke3 Kd5 39. g5
h5 40. g6 Ke6 41. Ke4 Kf6 42. g7 Kxg7 43. Kxe5 1-0

[Event "Weekend Inverno"]
[Site "Roma ITA"]
[Date "2009.02.07"]
[Round "3"]
[White "Wollenweber, Carsten"]
[Black "Vertechi, Pietro"]
[Result "1-0"]
[WhiteElo "2155"]
[BlackElo "1882"]
[PlyCount "46"]
[EventDate "2009.02.06"]

1. e4 e6 2. d4 d5 3. Nc3 Bb4 4. Nge2 dxe4 5. a3 Bxc3+ 6. Nxc3 Nc6 7. Bb5 Nge7
8. Be3 O-O 9. Qd2 f5 10. O-O-O Nd5 11. Bxc6 bxc6 12. Bg5 Qd6 13. Na4 e5 14. c4
Nf6 15. dxe5 Qxe5 16. Bf4 Qe7 17. Qa5 Be6 18. Bxc7 Rfc8 19. Bd6 Qf7 20. b3 Bxc4
21. bxc4 Qxc4+ 22. Kb1 Qb3+ 23. Ka1 Rab8 1-0

[Event "Weekend Inverno"]
[Site "Roma ITA"]
[Date "2009.02.08"]
[Round "4"]
[White "Bernardinetti, Luca"]
[Black "Schmid, Ermanno"]
[Result "1-0"]
[WhiteElo "1554"]
[BlackElo "1413"]
[PlyCount "93"]
[EventDate "2009.02.06"]

1. e4 c6 2. d4 d5 3. Nc3 dxe4 4. Nxe4 Nd7 5. Nf3 Ngf6 6. Ng3 e6 7. Bf4 Be7 8.
Bd3 O-O 9. c3 c5 10. Be3 Nd5 11. Qc2 N7f6 12. h3 Nxe3 13. fxe3 Qc7 14. Ne5 cxd4
15. exd4 Bd6 16. Qe2 a6 17. O-O b5 18. Rxf6 Be7 19. Rf3 Bb7 20. Raf1 Bxf3 21.
Qxf3 g6 22. Nxf7 Bh4 23. Nh6+ Kg7 24. Qxa8 Rxa8 25. Rf7+ Qxf7 26. Nxf7 Kxf7 27.
Ne4 Rd8 28. g3 Be7 29. Kf2 e5 30. Ke3 exd4+ 31. cxd4 Rc8 32. Kf4 Rc1 33. Ke5
Re1 34. Kd5 g5 35. Kc6 Rd1 36. Bxb5 axb5 37. Kxb5 Rxd4 38. Nc3 Rd2 39. b3 Bd6
40. Ne4 Rd5+ 41. Kc6 Ke7 42. Kxd5 Bb8 43. Kc6 h6 44. g4 Ke6 45. a4 Ke7 46. a5
Kd8 47. Kb7 1-0

[Event "Weekend Inverno"]
[Site "Roma ITA"]
[Date "2009.02.08"]
[Round "4"]
[White "Carotenuto, Piero"]
[Black "Carola, Paolo"]
[Result "0-1"]
[WhiteElo "1724"]
[BlackElo "1891"]
[PlyCount "78"]
[EventDate "2009.02.06"]

1. e4 e5 2. Nf3 Nf6 3. Nxe5 d6 4. Nf3 Nxe4 5. Qe2 Qe7 6. d3 Nc5 7. Qxe7+ Bxe7
8. d4 Ne4 9. Bd3 d5 10. O-O Nc6 11. c4 Nb4 12. Bxe4 dxe4 13. Ne1 Bf5 14. f3 Bf6
15. Be3 c5 16. a3 cxd4 17. axb4 dxe3 18. Nc3 Bd4 19. Kh1 Rc8 20. fxe4 Bxc3 21.
Rxf5 Bxe1 22. Rxe1 Rxc4 23. Re5+ Kd7 24. Rd1+ Kc6 25. b5+ Kb6 26. b3 Rd8 27.
Red5 Rxd5 28. exd5 e2 29. Re1 Rd4 30. Kg1 Rd1 31. Kf2 Rxe1 32. Kxe1 Kxb5 33.
Kxe2 Kc5 34. b4+ Kxd5 35. Kd3 a6 36. g3 g6 37. g4 h6 38. h3 b5 39. Kc3 Ke4 0-1

[Event "Weekend Inverno"]
[Site "Roma ITA"]
[Date "2009.02.08"]
[Round "4"]
[White "Cavalli, Benedetta"]
[Black "Franciosi, Claudio"]
[Result "1/2-1/2"]
[WhiteElo "1422"]
[BlackElo "1647"]
[PlyCount "74"]
[EventDate "2009.02.06"]

1. e4 e5 2. Nf3 Nc6 3. Bc4 Bc5 4. b4 Bxb4 5. c3 Be7 6. d4 d6 7. O-O Na5 8. Bb3
Nxb3 9. axb3 Bg4 10. Nbd2 Nf6 11. Qc2 Bxf3 12. Nxf3 exd4 13. cxd4 O-O 14. Re1
c6 15. Ba3 h6 16. Rad1 Rc8 17. Re2 Nh5 18. Ree1 Re8 19. g3 d5 20. Bxe7 Rxe7 21.
exd5 Rxe1+ 22. Rxe1 Qxd5 23. Qd3 Nf6 24. Re7 c5 25. Re5 Qd7 26. Qc4 cxd4 27.
Qxd4 Qxd4 28. Nxd4 Rc1+ 29. Kg2 Kf8 30. Rb5 b6 31. Nf5 Rc5 32. Rxc5 bxc5 33.
Nd6 Nd7 34. Kf3 a6 35. Nb7 Ke7 36. Ke3 f5 37. Kd3 Ne5+ 1/2-1/2

[Event "Weekend Inverno"]
[Site "Roma ITA"]
[Date "2009.02.08"]
[Round "4"]
[White "Chiaretti, Roberto"]
[Black "Napoli, Nicolo'"]
[Result "0-1"]
[WhiteElo "2198"]
[BlackElo "2313"]
[PlyCount "92"]
[EventDate "2009.02.06"]

1. d4 Nf6 2. Bg5 c6 3. Nf3 Qb6 4. Qc1 Ne4 5. Bf4 g5 6. Nxg5 Nxg5 7. Bxg5 Qxd4
8. c3 Qg7 9. e4 d5 10. Be3 dxe4 11. Nd2 f5 12. Qc2 e5 13. g3 Nd7 14. O-O-O Be7
15. f3 exf3 16. Qxf5 Rf8 17. Qh5+ Qf7 18. Qxf7+ Rxf7 19. Bc4 Rf6 20. Rdf1 Nb6
21. Bxb6 axb6 22. Rxf3 b5 23. Rxf6 Bxf6 24. Bd3 h6 25. a3 Be6 26. Kc2 Ke7 27.
Rf1 Rd8 28. Bf5 Bg5 29. Ne4 Bc4 30. Rf3 Be2 31. Nxg5 hxg5 32. Rf2 Bd1+ 33. Kc1
Bb3 34. Rd2 Bd5 35. h4 Rf8 36. Bg6 Rf3 37. Rd3 Rf1+ 38. Rd1 Rf6 39. h5 Bf3 40.
Rd2 e4 41. Rh2 e3 42. Bd3 Kf8 43. Be2 g4 44. h6 Kg8 45. h7+ Kh8 46. Bd3 Re6 0-1

[Event "Weekend Inverno"]
[Site "Roma ITA"]
[Date "2009.02.08"]
[Round "4"]
[White "Ciotoli, Patrizio"]
[Black "Wollenweber, Carsten"]
[Result "1-0"]
[WhiteElo "2155"]
[BlackElo "2155"]
[PlyCount "133"]
[EventDate "2009.02.06"]

1. d4 b5 2. e4 Bb7 3. f3 a6 4. Be3 e6 5. Bd3 Nf6 6. Ne2 d5 7. e5 Nfd7 8. O-O c5
9. c3 Nc6 10. Nd2 Qb6 11. f4 g6 12. Nf3 h5 13. Ng5 c4 14. Bc2 Ne7 15. Qd2 Nf5
16. Bf2 a5 17. Ng3 Be7 18. Rfe1 Nf8 19. Nxf5 gxf5 20. h4 Ng6 21. Bd1 b4 22. Bf3
a4 23. a3 b3 24. g3 Bxg5 25. fxg5 Kd7 26. Qe2 f4 27. Bxh5 fxg3 28. Bxg3 Rag8
29. Bxg6 Rxg6 30. Rf1 Rh7 31. Rf3 Qd8 32. Raf1 Qg8 33. Rf6 Rgg7 34. Qg4 Ke8 35.
Be1 Bc8 36. Bd2 Qh8 37. R6f4 Rh5 38. Kf2 Qh7 39. Kg3 Bd7 40. Rf6 Qd3+ 41. R1f3
Qh7 42. R3f4 Qd3+ 43. Qf3 Qh7 44. Rg4 Rg6 45. Rxg6 Qxg6 46. Rf4 Rh7 47. Rf6 Qc2
48. g6 Rg7 49. Bg5 Qd3 50. gxf7+ Kf8 51. Qxd3 cxd3 52. Rf3 Bb5 53. Rf2 Rxf7 54.
Rxf7+ Kxf7 55. Kg4 Be8 56. Bd2 Kg7 57. Kg5 Bg6 58. h5 Be4 59. Kf4 Bf5 60. c4
dxc4 61. d5 Bh3 62. d6 Kf7 63. Ke4 Bg4 64. h6 Ke8 65. Kd4 Bf5 66. Kxc4 Kd7 67.
Kb4 1-0

[Event "Weekend Inverno"]
[Site "Roma ITA"]
[Date "2009.02.08"]
[Round "4"]
[White "Gatta, Flavio"]
[Black "Ruotolo, Claudio"]
[Result "1/2-1/2"]
[WhiteElo "1759"]
[BlackElo "1757"]
[PlyCount "104"]
[EventDate "2009.02.06"]

1. c4 d6 2. Nc3 e5 3. e4 Nf6 4. d4 Nbd7 5. d5 Be7 6. Bd3 c6 7. h3 a6 8. Be3
cxd5 9. cxd5 b5 10. Nf3 Bb7 11. O-O b4 12. Na4 Bxd5 13. exd5 e4 14. Bc2 exf3
15. Qxf3 O-O 16. b3 Rc8 17. Rac1 Ne5 18. Qd1 Qa5 19. Nb6 Rb8 20. f4 Ng6 21. f5
Ne5 22. Na4 Nxd5 23. Bd4 Bf6 24. Be4 Nc3 25. Nxc3 bxc3 26. Bxc3 Qxa2 27. Qxd6
Rfd8 28. Qc7 Rbc8 29. Qb6 Nd7 30. Qb4 a5 31. Qxa5 Qxb3 32. Bxf6 Nxf6 33. Rxc8
Rxc8 34. Bf3 Qe3+ 35. Kh1 h5 36. Qa6 Rc1 37. Rxc1 Qxc1+ 38. Kh2 Qf4+ 39. Kg1
Qxf5 40. Qa8+ Kh7 41. Qb7 Qe6 42. Qb1+ g6 43. Qd1 Kg7 44. Qd4 Qe1+ 45. Kh2 h4
46. Qb2 Qg3+ 47. Kg1 Qf4 48. Qc3 Kh6 49. Qc8 Kg7 50. Qc3 Qb8 51. Qd4 Qg3 52.
Qc3 Qf4 1/2-1/2

[Event "Weekend Inverno"]
[Site "Roma ITA"]
[Date "2009.02.08"]
[Round "4"]
[White "Maddaloni, Giovanni"]
[Black "Di Paolantonio, Leonardo"]
[Result "0-1"]
[WhiteElo "1843"]
[BlackElo "1482"]
[PlyCount "82"]
[EventDate "2009.02.06"]

1. e4 e5 2. Nf3 Nc6 3. Bb5 a6 4. Bxc6 dxc6 5. O-O Nf6 6. Nxe5 Bd6 7. Nf3 Bg4 8.
e5 Bxf3 9. Qxf3 Bxe5 10. Re1 Qd6 11. c3 O-O 12. Qh3 Rfe8 13. Rf1 Nd5 14. d4 Nf4
15. Bxf4 Bxf4 16. Na3 b5 17. Rfe1 Qh6 18. Qxh6 Bxh6 19. Kf1 Kf8 20. Nc2 Rxe1+
21. Rxe1 Re8 22. Nb4 Rxe1+ 23. Kxe1 Bc1 24. Nd3 Bg5 25. Kd1 Be7 26. Kc2 a5 27.
Ne5 c5 28. Nd7+ Ke8 29. Nxc5 Bxc5 30. dxc5 Kd7 31. Kd3 Ke6 32. c4 b4 33. a3
bxa3 34. bxa3 Ke5 35. f4+ Kxf4 36. Kd4 c6 37. Kd3 f6 38. Kd4 g5 39. Kc3 Ke4 40.
g4 Kf4 41. h3 Kg3 0-1

[Event "Weekend Inverno"]
[Site "Roma ITA"]
[Date "2009.02.08"]
[Round "4"]
[White "Mammoliti, Francesco"]
[Black "Iandolo, Marco"]
[Result "0-1"]
[WhiteElo "1752"]
[BlackElo "1975"]
[PlyCount "68"]
[EventDate "2009.02.06"]

1. d4 Nf6 2. c4 c5 3. dxc5 Na6 4. Nf3 Nxc5 5. Nc3 g6 6. Bf4 Bg7 7. Rc1 O-O 8.
Qc2 b6 9. b4 Ne6 10. Bd2 Bb7 11. e4 Rc8 12. Qb1 d6 13. Bd3 Qd7 14. O-O Nh5 15.
Ne2 Rc7 16. Rfd1 Rfc8 17. Be3 Ba6 18. b5 Bb7 19. Ne1 Nc5 20. Bxc5 Rxc5 21. Nf3
Qg4 22. h3 Qe6 23. g4 Nf6 24. Nf4 Qd7 25. Nh2 Bh6 26. e5 Rxe5 27. Nxg6 hxg6 28.
Bxg6 fxg6 29. Qxg6+ Bg7 30. h4 Be4 31. Nf3 Bxf3 32. Rd4 Be4 33. Rxe4 Rxe4 34.
f3 Qxg4+ 0-1

[Event "Weekend Inverno"]
[Site "Roma ITA"]
[Date "2009.02.08"]
[Round "4"]
[White "Padovano, Vito"]
[Black "Milani, Patrizia"]
[Result "0-1"]
[WhiteElo "1443"]
[BlackElo "1458"]
[PlyCount "92"]
[EventDate "2009.02.06"]

1. e4 e5 2. Nf3 Nc6 3. Bb5 d6 4. Nc3 Bd7 5. d3 h6 6. Be3 a6 7. Bxc6 Bxc6 8. d4
Nf6 9. Qd3 Qe7 10. d5 Bd7 11. h3 Rc8 12. O-O-O g5 13. Nd2 b5 14. a3 Rb8 15. Na2
Qd8 16. f3 Ra8 17. Kb1 a5 18. c3 Qb8 19. h4 g4 20. fxg4 Nxg4 21. Rdf1 h5 22.
Bg5 Rh7 23. Qf3 Qa7 24. c4 b4 25. Rc1 bxa3 26. Qxa3 Bg7 27. c5 f6 28. c6 Bc8
29. Qf3 Bh8 30. Bxf6 Bxf6 31. Nc4 Qf2 32. Rhf1 Qxh4 33. Nxd6+ cxd6 34. Qc3 Rc7
35. b4 axb4 36. Nxb4 Nh6 37. Qf3 Bg7 38. Rh1 Qg4 39. Qxg4 Bxg4 40. Kc2 Kf8 41.
Kc3 Ra4 42. Kc4 Rca7 43. Kb5 Be2+ 44. Kb6 Ra8 45. c7 Rxb4+ 46. Kc6 Bb5+ 0-1

[Event "Weekend Inverno"]
[Site "Roma ITA"]
[Date "2009.02.08"]
[Round "4"]
[White "Paragliola, Gennaro"]
[Black "Benocci, Umiliano"]
[Result "0-1"]
[WhiteElo "1643"]
[BlackElo "1592"]
[PlyCount "72"]
[EventDate "2009.02.06"]

1. d4 d5 2. c4 e6 3. Nc3 Nf6 4. Bg5 Be7 5. e3 c6 6. Nf3 b6 7. Rc1 Bb7 8. cxd5
Nxd5 9. Bxe7 Qxe7 10. Bd3 Nd7 11. O-O O-O 12. a3 Nxc3 13. Rxc3 c5 14. Qc2 g6
15. e4 Rfc8 16. Re1 cxd4 17. Nxd4 Rxc3 18. Qxc3 Rc8 19. Qd2 Nc5 20. Bb1 Qd8 21.
Qe3 e5 22. Nf3 Qe7 23. Qh6 f6 24. b4 Nd7 25. Ba2+ Kh8 26. Nh4 Qg7 27. Qxg7+
Kxg7 28. Be6 Rc7 29. f3 Nf8 30. Bh3 Kf7 31. Rd1 Ke7 32. Rd3 Ne6 33. g3 Nd4 34.
Bf1 Rc8 35. Kg2 Ba6 36. Rxd4 Bxf1+ 0-1

[Event "Weekend Inverno"]
[Site "Roma ITA"]
[Date "2009.02.08"]
[Round "4"]
[White "Passerotti, Pierluigi"]
[Black "Quimi, Marco"]
[Result "1/2-1/2"]
[WhiteElo "2297"]
[BlackElo "2245"]
[PlyCount "80"]
[EventDate "2009.02.06"]

1. Nf3 d5 2. c4 c6 3. b3 Nf6 4. g3 Bf5 5. Bg2 e6 6. O-O h6 7. Bb2 Nbd7 8. d3
Be7 9. Nbd2 O-O 10. Ne5 Nxe5 11. Bxe5 Nd7 12. Bb2 Bf6 13. Qc2 Bh7 14. a3 a5 15.
Ra2 Qe7 16. Bxf6 Nxf6 17. Qb2 Rfd8 18. Rfa1 e5 19. b4 e4 20. cxd5 e3 21. Nf1
exf2+ 22. Kxf2 cxd5 23. Qd4 Ra6 24. bxa5 h5 25. Rb1 Rxa5 26. Bf3 Be4 27. Qb4
Qxb4 28. Rxb4 Bxf3 29. exf3 Rda8 30. Rxb7 Rxa3 31. Rxa3 Rxa3 32. d4 Ra2+ 33.
Ke3 Rg2 34. h4 g6 35. Kf4 Kg7 36. Ne3 Rd2 37. Rb4 Rd3 38. Ra4 Kh7 39. g4 hxg4
40. fxg4 Kg7 1/2-1/2

[Event "Weekend Inverno"]
[Site "Roma ITA"]
[Date "2009.02.08"]
[Round "4"]
[White "Petragnani, Alessandro"]
[Black "Spano' Cuomo, Gaetano"]
[Result "0-1"]
[WhiteElo "1699"]
[BlackElo "1840"]
[PlyCount "72"]
[EventDate "2009.02.06"]

1. c4 c5 2. Nf3 Nc6 3. Nc3 Nf6 4. g3 g6 5. Bg2 Bg7 6. d3 O-O 7. O-O e6 8. Be3
b6 9. Ne5 Bb7 10. Qa4 Qc8 11. Nxc6 Bxc6 12. Bxc6 dxc6 13. f3 Ne8 14. Rab1 f5
15. Qc2 Nd6 16. Bg5 Qb7 17. b4 cxb4 18. Rxb4 c5 19. Rb2 e5 20. Nd5 Rf7 21. e4
Raf8 22. Rbb1 Qd7 23. Qg2 Ne8 24. g4 Nc7 25. gxf5 gxf5 26. Kh1 Ne6 27. Bh6 Kh8
28. Be3 f4 29. Bf2 Bf6 30. Rg1 Rg7 31. Qh3 Rxg1+ 32. Rxg1 Qf7 33. Rg4 Rg8 34.
Bh4 Bxh4 35. Rxh4 Rg6 36. Qf5 Qg8 0-1

[Event "Weekend Inverno"]
[Site "Roma ITA"]
[Date "2009.02.08"]
[Round "4"]
[White "Tomassetti, Giuseppe"]
[Black "Franciosi, Fausto"]
[Result "1/2-1/2"]
[WhiteElo "1697"]
[BlackElo "1869"]
[PlyCount "27"]
[EventDate "2009.02.06"]

1. e4 e6 2. d4 d5 3. Nc3 Bb4 4. g3 Bxc3+ 5. bxc3 dxe4 6. Qg4 Nf6 7. Qxg7 Rg8 8.
Qh6 Nbd7 9. Bg5 Qe7 10. Qh4 a6 11. Ne2 b6 12. Nf4 Bb7 13. Nh5 Rf8 14. Nf4
1/2-1/2

[Event "Weekend Inverno"]
[Site "Roma ITA"]
[Date "2009.02.08"]
[Round "4"]
[White "Vertechi, Pietro"]
[Black "Petragnani, Gian Giacomo"]
[Result "1/2-1/2"]
[WhiteElo "1882"]
[BlackElo "1640"]
[PlyCount "103"]
[EventDate "2009.02.06"]

1. d4 g6 2. e4 Bg7 3. c4 d6 4. Nc3 Nd7 5. Be3 e5 6. Nge2 Ne7 7. Qd2 h6 8. f3
Kf8 9. g4 Kg8 10. Ng3 Kh7 11. d5 Nf6 12. Bd3 Rf8 13. h4 Nfg8 14. Qc2 f6 15.
O-O-O Rf7 16. c5 a6 17. cxd6 cxd6 18. Kb1 b5 19. a3 Qf8 20. Bb6 Bb7 21. Ba5 Kh8
22. Qb3 Rc8 23. Na2 f5 24. gxf5 gxf5 25. Nxf5 Nxf5 26. exf5 Nf6 27. Be4 Rc4 28.
Rhe1 Qa8 29. Nc3 Nd7 30. Qc2 Nc5 31. b3 Rd4 32. Rc1 Bf6 33. Ne2 Bxd5 34. Nxd4
exd4 35. Bxd5 Qxd5 36. Re8+ Kh7 37. Bd8 d3 38. Qa2 d2 39. Rd1 Bxd8 40. Rxd8
Qxb3+ 41. Qxb3 Nxb3 42. Rxd6 Rc7 43. Kb2 Na5 44. R1xd2 Nc4+ 45. Kb3 Nxd2+ 46.
Rxd2 Rc4 47. Rd7+ Kg8 48. Rd6 a5 49. Rxh6 Rf4 50. Rg6+ Kf7 51. Rg3 Rxh4 52. Rg4
1/2-1/2

[Event "Weekend Inverno"]
[Site "Roma ITA"]
[Date "2009.02.08"]
[Round "4"]
[White "Vespe, Francesco"]
[Black "Carnicelli, Valerio"]
[Result "1-0"]
[WhiteElo "1994"]
[BlackElo "1730"]
[PlyCount "41"]
[EventDate "2009.02.06"]

1. d4 d5 2. c4 c6 3. Nf3 Nf6 4. Nc3 e6 5. Bg5 dxc4 6. a4 Bb4 7. Bxf6 gxf6 8. e3
b5 9. g3 Bb7 10. Bg2 Nd7 11. Nd2 Bxc3 12. bxc3 Qc7 13. O-O c5 14. Bxb7 Qxb7 15.
Rb1 Qd5 16. Rxb5 h5 17. h4 Rg8 18. e4 Qd6 19. Nxc4 Rxg3+ 20. Kh2 Rxc3+ 21.
Nxd6+ 1-0

[Event "Weekend Inverno"]
[Site "Roma ITA"]
[Date "2009.02.08"]
[Round "5"]
[White "Bernardinetti, Luca"]
[Black "Giovanzanti, Francesco"]
[Result "1/2-1/2"]
[WhiteElo "1554"]
[BlackElo "1596"]
[PlyCount "20"]
[EventDate "2009.02.06"]

1. e4 e5 2. Nf3 Nc6 3. Bc4 Nf6 4. Ng5 d5 5. exd5 Na5 6. Bb5+ c6 7. dxc6 bxc6 8.
Be2 h6 9. Nh3 g5 10. d3 Bg7 1/2-1/2

[Event "Weekend Inverno"]
[Site "Roma ITA"]
[Date "2009.02.08"]
[Round "5"]
[White "Carnicelli, Valerio"]
[Black "Mammoliti, Francesco"]
[Result "0-1"]
[WhiteElo "1730"]
[BlackElo "1752"]
[PlyCount "142"]
[EventDate "2009.02.06"]

1. e4 c5 2. Nf3 d6 3. d4 cxd4 4. Nxd4 Nf6 5. Nc3 a6 6. f3 Qc7 7. Be3 e6 8. Qd2
Bd7 9. O-O-O Nc6 10. g4 h6 11. h4 Nxd4 12. Bxd4 Be7 13. Bg2 e5 14. Be3 Bc6 15.
g5 hxg5 16. hxg5 Nh5 17. Rh2 O-O-O 18. Rdh1 g6 19. Nd5 Bxd5 20. Qxd5 Rh7 21.
Bh3+ Kb8 22. Bg4 Rdh8 23. Bxh5 gxh5 24. f4 exf4 25. Bxf4 Qc6 26. Qxc6 bxc6 27.
Kd2 Kb7 28. Kd3 c5 29. c4 Kc6 30. a3 a5 31. a4 Kd7 32. e5 Kc6 33. exd6 Bxd6 34.
Bxd6 Kxd6 35. Rf1 Re8 36. Rf6+ Re6 37. Rxe6+ Kxe6 38. Ke4 Rh8 39. Kf4 Rh7 40.
Ke4 h4 41. Kf4 h3 42. Re2+ Kd6 43. Rd2+ Kc6 44. Rh2 Rh4+ 45. Ke5 Rxc4 46. Rxh3
Rxa4 47. Rh7 Rb4 48. Rh2 Rb7 49. Kf6 a4 50. g6 fxg6 51. Kxg6 c4 52. Kf5 Kb5 53.
Ke4 Kb4 54. Rh3 Re7+ 55. Kf3 Rc7 56. Kf2 Rd7 57. Ke1 Rd3 58. Rh4 Rd6 59. Rh3
Rc6 60. Kd1 Rg6 61. Kc2 Rg2+ 62. Kb1 Rg6 63. Ka2 Rc6 64. Rc3 Rd6 65. Rc1 Rd3
66. Ka1 a3 67. bxa3+ Rxa3+ 68. Kb2 c3+ 69. Kc2 Kc4 70. Rd1 Ra2+ 71. Kb1 c2+ 0-1

[Event "Weekend Inverno"]
[Site "Roma ITA"]
[Date "2009.02.08"]
[Round "5"]
[White "Carola, Paolo"]
[Black "Spano' Cuomo, Gaetano"]
[Result "1-0"]
[WhiteElo "1891"]
[BlackElo "1840"]
[PlyCount "49"]
[EventDate "2009.02.06"]

1. e4 e6 2. d4 d5 3. Nd2 Nf6 4. e5 Nfd7 5. Ngf3 Be7 6. Bd3 c5 7. c3 b6 8. Qe2
Nc6 9. a3 O-O 10. Ne4 g6 11. Ng3 f6 12. exf6 Nxf6 13. h4 Bd6 14. Ne5 Qc7 15.
Nxc6 Qxc6 16. Bh6 Rf7 17. O-O Bb7 18. h5 Ne4 19. hxg6 hxg6 20. Qg4 Bf8 21.
Qxg6+ Bg7 22. Nh5 Qd7 23. f3 Nd2 24. Bxg7 Rxg7 25. Nf6+ 1-0

[Event "Weekend Inverno"]
[Site "Roma ITA"]
[Date "2009.02.08"]
[Round "5"]
[White "Di Paolantonio, Leonardo"]
[Black "Prudenzano, Ruggero"]
[Result "0-1"]
[WhiteElo "1482"]
[BlackElo "1923"]
[PlyCount "65"]
[EventDate "2009.02.06"]

1. e4 c5 2. Nc3 Nc6 3. g3 g6 4. Bg2 Bg7 5. Nge2 d6 6. O-O e6 7. d3 Nge7 8. Bd2
O-O 9. Qc1 Re8 10. Bh6 Bh8 11. Be3 Nd4 12. f4 f5 13. Bxd4 cxd4 14. Nd1 Rb8 15.
c3 Nc6 16. Re1 Qb6 17. Kh1 Bd7 18. cxd4 Nxd4 19. Nxd4 Bxd4 20. Nc3 Rbc8 21. Qd2
Qb4 22. Rac1 b5 23. a3 Qa5 24. Red1 Qb6 25. Re1 a5 26. exf5 gxf5 27. Qe2 b4 28.
axb4 axb4 29. Na2 b3 30. Nc3 Bc6 31. Bxc6 Qxc6+ 32. Qg2 Kf7 33. Ne4 0-1

[Event "Weekend Inverno"]
[Site "Roma ITA"]
[Date "2009.02.08"]
[Round "5"]
[White "Franciosi, Claudio"]
[Black "Benocci, Umiliano"]
[Result "1/2-1/2"]
[WhiteElo "1647"]
[BlackElo "1592"]
[PlyCount "55"]
[EventDate "2009.02.06"]

1. e4 e6 2. d4 d5 3. Nc3 dxe4 4. Nxe4 Bd7 5. Nf3 Bc6 6. Nc3 a6 7. Ne5 Bd5 8.
Nxd5 Qxd5 9. Be2 Nd7 10. Bf3 Qa5+ 11. Bd2 Qb6 12. Nxd7 Kxd7 13. Bc3 c6 14. O-O
Nf6 15. Qd2 a5 16. a4 Bb4 17. Qg5 Rhg8 18. Qf4 Bd6 19. Qd2 Nd5 20. Rfb1 Qc7 21.
g3 b6 22. Bxd5 exd5 23. Qg5 g6 24. Qh6 Rh8 25. Qh3+ Kd8 26. b4 Qd7 27. Qg2 axb4
28. Bxb4 1/2-1/2

[Event "Weekend Inverno"]
[Site "Roma ITA"]
[Date "2009.02.08"]
[Round "5"]
[White "Franciosi, Fausto"]
[Black "Carotenuto, Piero"]
[Result "1/2-1/2"]
[WhiteElo "1869"]
[BlackElo "1724"]
[PlyCount "32"]
[EventDate "2009.02.06"]

1. d4 d5 2. c4 e6 3. Nc3 c6 4. e3 Nf6 5. Nf3 Nbd7 6. Qe2 Bd6 7. Bd2 O-O 8. e4
dxe4 9. Nxe4 Nxe4 10. Qxe4 c5 11. Bd3 Nf6 12. Qh4 g6 13. O-O cxd4 14. Qxd4 Be7
15. Qxd8 Rxd8 16. Bc2 b6 1/2-1/2

[Event "Weekend Inverno"]
[Site "Roma ITA"]
[Date "2009.02.08"]
[Round "5"]
[White "Iandolo, Marco"]
[Black "Ciotoli, Patrizio"]
[Result "0-1"]
[WhiteElo "1975"]
[BlackElo "2155"]
[PlyCount "88"]
[EventDate "2009.02.06"]

1. Nf3 d5 2. c4 e6 3. b3 Nf6 4. Bb2 Be7 5. g3 c6 6. Bg2 O-O 7. O-O Nbd7 8. d3
b6 9. Nbd2 Bb7 10. e4 dxe4 11. dxe4 Nc5 12. Qe2 Qd3 13. Qxd3 Nxd3 14. Bc3 c5
15. Ne5 Nxe5 16. Bxe5 Rfd8 17. Rfd1 Rd7 18. Kf1 Rad8 19. Ke2 Ng4 20. Bf4 g5 21.
Be3 Nxe3 22. fxe3 g4 23. Nf1 Bf6 24. Rxd7 Rxd7 25. Rd1 Rxd1 26. Kxd1 Be5 27.
Ke2 Kg7 28. Nd2 Kg6 29. Kd3 h5 30. Ke2 Kg5 31. Kf2 Bc3 32. Ke2 Bxd2 33. Kxd2 e5
34. Kc3 f5 35. Kd3 f4 36. exf4+ exf4 37. gxf4+ Kxf4 38. Bh1 h4 39. Bg2 h3 40.
Bh1 g3 41. hxg3+ Kxg3 42. Ke3 h2 43. Bf3 Bc8 44. e5 Bh3 0-1

[Event "Weekend Inverno"]
[Site "Roma ITA"]
[Date "2009.02.08"]
[Round "5"]
[White "Petragnani, Gian Giacomo"]
[Black "Tomassetti, Giuseppe"]
[Result "1-0"]
[WhiteElo "1640"]
[BlackElo "1697"]
[PlyCount "47"]
[EventDate "2009.02.06"]

1. Nf3 d5 2. g3 c5 3. Bg2 Nc6 4. O-O e5 5. d3 Be7 6. Nbd2 f5 7. c4 d4 8. h3 Nf6
9. Nh2 Qc7 10. a3 O-O 11. Nhf3 Bd7 12. Re1 a5 13. e4 fxe4 14. Nxe4 Nxe4 15.
Rxe4 Bf5 16. Re1 h6 17. Nh2 Bf6 18. Ng4 Rae8 19. Bxh6 e4 20. Nxf6+ Rxf6 21. Bf4
Ne5 22. Bxe4 Bxh3 23. Qh5 Bg4 24. Qxe8+ 1-0